| 000 | 00985nam a2200253Ia 4500 | ||
|---|---|---|---|
| 001 | 21708 | ||
| 005 | 20260420115511.0 | ||
| 008 | 260320s9999||||xx |||||||||||||| ||und|| | ||
| 020 | _a9789564075419 | ||
| 041 | _aESP | ||
| 082 |
_a348.54 _bZ47 |
||
| 100 |
_aZavaleta Álvarez, Michael, _eAUT |
||
| 245 | 0 |
_aGreen taxation : _bdiagnóstico y propuestas de soluciones a la problemática del medio ambiente desde el derecho tributario y el análisis institucional |
|
| 250 | _aPrimera edición | ||
| 260 |
_aSantiago : _bEdiciones Olejnik, _c2025 |
||
| 300 |
_a165 páginas : _btablas ; _c24 cm. |
||
| 440 | _a(Biblioteca de derecho tributario) | ||
| 650 | _aCIS | ||
| 653 | _aDerecho ecológico del medio ambiente | ||
| 654 | _aCDE | ||
| 856 |
_uhttps://0u214x75q-y-https-app-vlex-com.itmsp.museknowledge.com/ _zVéase además: Base de datos Vlex |
||
| 856 |
_uhttps://legal.legis.com.pe/home/Corporativo _zVéase además: Base de datos Multilegis |
||
| 942 |
_cLIB _dJUS _fMAT _2ddc |
||
| 999 |
_c21708 _d21708 |
||